00363nam a2200145Ia 450000500170000000800460001703700120006304000200007504100130009508400180010810000210012624500180014726000420016530000100020720250508151740.0008 250505s9999 xx 000 0 hin d aTextual aFEDLbengcFEDL ahin2eng aFH, GUPqFEDL aGupt Manmathnath 0aTyag ka putla aDelhi, IndiabHansraj Sharma and Sons a102p.